MARC

LEADER 00000nam0a2200000 4500
001 263396
005 20231101233732.0
010 |a 5120001998 
020 |a RU  |b 88-57076 
035 |a (RuTPU)RU\TPU\book\286381 
090 |a 263396 
100 |a 20140609d1988 k y0rusy5003 ca 
101 0 |a rus 
102 |a UA 
105 |a a z 001zy 
200 1 |a Физико-химические условия осадкообразования в древних солеродных бассейнах  |f О. И. Петриченко  |g АН УССР, Ин-т геологии и геохимии горючих ископаемых 
210 |a Киев  |c Наукова думка  |d 1988 
215 |a 125,[1] с., [8] л. ил.  |c ил. 
320 |a Библиогр.: с. 113-124 (262 назв.) 
606 1 |a Соленосные отложения  |x Петрография  |2 stltpush  |3 (RuTPU)RU\TPU\subj\55468  |9 73498 
610 1 |a осадконакопление 
610 1 |a физико-химические процессы 
610 1 |a рапа 
610 1 |a состав 
610 1 |a солеродные бассейны 
610 1 |a седиментационная геология 
610 1 |a седиментация 
610 1 |a калийные пласты 
610 1 |a минералообразование 
675 |a 552.53  |z rus  |v 3 
801 0 |a RU  |b RuMRKP  |c 19950417  |g psbo 
801 1 |a RU  |b 63413507  |c 20140609 
801 2 |a RU  |b 63413507  |c 20141020  |g RCR 
942 |c BK